Causas que llevan a la alta incidencia de la Sigakota Negra en la producción del cultivo de banano en el sector Amina, Tierra Fría, Mao Valverde, República Dominicana. (Record no. 350)

MARC details
000 -LEADER
campo de control de longitud fija 02935nam a2200529Ia 4500
001 - NÚMERO DE CONTROL
campo de control 384
008 - DATOS DE LONGITUD FIJA--INFORMACIÓN GENERAL
campo de control de longitud fija 241029s9999 xx 000 0 und d
010 ## - NÚMERO DE CONTROL DE LA BIBLIOTECA DEL CONGRESO
Número de control de LC 350
041 ## - CÓDIGO DE IDIOMA
Código de lengua del texto/banda sonora o título independiente Español
082 ## - NÚMERO DE LA CLASIFICACIÓN DECIMAL DEWEY
Número de clasificación 2013/BUNEVS.J31
245 #0 - MENCIÓN DEL TÍTULO
Título Causas que llevan a la alta incidencia de la Sigakota Negra en la producción del cultivo de banano en el sector Amina, Tierra Fría, Mao Valverde, República Dominicana.
260 ## - PUBLICACIÓN, DISTRIBUCIÓN, ETC.
Lugar de publicación, distribución, etc. Valverde
300 ## - DESCRIPCIÓN FÍSICA
Extensión 82
520 ## - RESUMEN, ETC.
Sumario, etc. 36
520 ## - RESUMEN, ETC.
Sumario, etc. La enfermedad denominada Sigakota Negra, se encuentra presente en todos los países de producción bananera y se considera de gran impacto económico porque disminuye los rendimientos del cultivo y requiere de altos costos para su manejo. Además de los altos costos para el manejo de la plaga, la falta de recursos es considerada como un factor limitante para muchos productores y conlleva a mitigación de fincas de banano debido a la incapacidad de los productores para manejar la producción y controlar el desarrollo de la enfermedad. Se estima que las pérdidas por un manejo inadecuado de la enfermedad puede reducir hasta un 50% la productividad. En la línea Noroeste de la República Dominicana, las exportadoras estimaron que los volúmenes en 2012 cayeron en un 30% del volumen expresado en 2011.Esta investigación tuvo como objetivo determinar las causas que llevan a las altas incidencia de la Sigakota Negra en la producción del cultivo de banano en el sector Amina, Tierra Fría, Municipio de Mao Valverde, República Dominicana, durante el período 2011-2012. Las informaciones fueron recolectadas mediante aplicación de cuestionarios elaborados con preguntas cerradas y algunas líneas abiertas para observación, aplicado a la muestra seleccionada para el levantamiento de datos sobre la problemática planteada. Los resultados obtenidos indicaron que las causas fueron: las condiciones climáticas adversas, falta de aplicaciones para el control de la enfermedad en las plantaciones y falta de recursos económicos.
630 ## - PUNTO DE ACCESO ADICIONAL DE MATERIA--TÍTULO UNIFORME
Título uniforme Estrategia
630 ## - PUNTO DE ACCESO ADICIONAL DE MATERIA--TÍTULO UNIFORME
Título uniforme Incidencia
650 ## - PUNTO DE ACCESO ADICIONAL DE MATERIA--TÉRMINO DE MATERIA
Término de materia o nombre geográfico como elemento de entrada Gestión Educativa
690 ## - PUNTO DE ACCESO ADICIONAL DE MATERIA LOCAL--TÉRMINO DE MATERIA (OCLC, RLIN)
Término de materia o nombre geográfico como elemento inicial Sintetizado
700 ## - ENTRADA AGREGADA--NOMBRE PERSONAL
Término indicativo de función/relación asesor
Nombre de persona Reyes, Rafael
700 ## - ENTRADA AGREGADA--NOMBRE PERSONAL
Término indicativo de función/relación autor
Nombre de persona Jean-Jacques , Nikenson Pierre
901 ## - ELEMENTOS DE DATOS A LOCAL LDA (RLIN)
a {"1":"Jean-Jacques "}
b {"1":"Nikenson Pierre "}
902 ## - ELEMENTOS DE DATOS B LOCAL, LDB (RLIN)
a 1
903 ## - ELEMENTOS DE DATOS C LOCAL, LDC (RLIN)
a {"1":"Reyes"}
b {"1":"Rafael"}
904 ## - ELEMENTOS DE DATOS D LOCAL, LDD (RLIN)
a Magíster en
905 ## - ELEMENTOS DE DATOS E LOCAL, LDE (RLIN)
a Gestión Educativa
906 ## - ELEMENTOS DE DATOS F LOCAL, LDF (RLIN)
a 2
907 ## - ELEMENTOS DE DATOS G LOCAL, LDG (RLIN)
a NO APLICA
908 ## - COLOCAR PARÁMETRO DE COMANDO (RLIN)
Colocar parámetro de comando NO APLICA
909 ## -
-- Universidad Nacional Evangélica (UNEV), Recinto Santiago
910 ## - DATOS DE OPCIÓN DEL USUARIO (OCLC)
Datos de opción del usuario NULL
-- NULL
911 ## - EQUIVALENCIA O REFERENCIA-CRUZADA-NOMBRE DE CONFERENCIA O REUNIÓN/CONGRESO [LOCAL, CANADÁ]
Nombre de congreso/reunión o jurisdicción como elemento de entrada ["1"]
912 ## -
-- NO APLICA
913 ## -
-- NULL
914 ## -
-- 01 de Noviembre de 2013
915 ## -
-- 18/11/19 09:11
916 ## -
-- NULL
917 ## -
-- NULL
918 ## -
-- NO APLICA
919 ## -
-- ["92","209"]
921 ## -
-- 11
922 ## -
-- 11
923 ## -
-- 0
924 ## -
-- NO APLICA
942 ## - ELEMENTOS DE ENTRADA SECUNDARIOS (KOHA)
Tipo de ítem Koha

No items available.

© 2024. Todos los Derechos Reservados. Desarrollado por IDEICE